| 000 | 01325nam a2200301Ia 4500 | ||
|---|---|---|---|
| 999 |
_c5683 _d5683 |
||
| 003 | OSt | ||
| 005 | 20200701163942.0 | ||
| 008 | 191128s2009 ck fr 001 0 spa d | ||
| 020 | _a9789583507298 | ||
| 040 |
_aCO-JMCR _cCO-JMCR |
||
| 041 | 1 |
_aspa _hita |
|
| 082 | 0 | 4 |
_a336.0026 / _bA111p _223 |
| 100 | 1 |
_aAbbamonte, Giuseppe, _eautor _96404 |
|
| 245 | 1 | 0 |
_aPrincipios de derecho de la hacienda pública / _cGiuseppe Abbanomte ; traducido del Italiano por Sandra Cardona ; revisión a cargo de Daniele Davide Panteghini |
| 260 |
_aBogotá : _bTemis, _c2009 |
||
| 300 |
_axxv, 231 páginas ; _c23 cm. |
||
| 490 | 0 |
_aDerecho de la hacienda pública. Obras fundamentales ; _v4 |
|
| 500 | _aIncluye índice de autores. | ||
| 505 | 0 | _aLa actividad financiera del estado -- La ciencia de las finanzas del estado y el derecho de la Hacienda Pública -- Relación entre el derecho de la Hacienda pública y las otras ramas del derecho -- Los principios constitucionales de la actividad financiera | |
| 534 | _pPrincipi di diritto finanziario | ||
| 546 | _aTraducido del italiano | ||
| 650 | 1 | 4 |
_aRentas públicas _9722 |
| 650 | 1 | 4 |
_aHacienda pública _96405 |
| 650 | 1 | 4 |
_aDerecho fiscal _96406 |
| 700 | 1 |
_aCardona, Sandra, _etraductora _96407 |
|
| 700 | 1 |
_aPanteghini, Daniele Davide, _erevisora _96408 |
|
| 942 |
_2ddc _cBK |
||